Warrior cats Riverclan - Statistics

General Stats
  • This quiz has been taken 60 times
    7 since last reset
  • The average score is 34 of 224
Answer Stats
Riverclan % Correct
Appledusk
100%
Crookedstar
100%
Leopardstar
100%
Silverstream
100%
Feathertail
75%
Frogleap
75%
Graystripe
75%
MinnowkitCotc
75%
MinnowkitCrp
75%
Mist
75%
Mistystar
75%
Mothwing
75%
Rainflower
75%
ReedshineCotc
75%
ReedshineMv
75%
Riverstar
75%
Stonefur
75%
Stormfur
75%
Willowbreeze
75%
Willowshine
75%
Willowstar
75%
Blackclaw
50%
Curlfeather
50%
DarkstarCotc
50%
DarkstarMv
50%
Duskfur
50%
Frostdawn
50%
Hawkfrost
50%
Icestar
50%
Minnowtail
50%
Mosspelt
50%
Mudfur
50%
Oakheart
50%
Owlnose
50%
Reedstar
50%
Reedwhisker
50%
Shellheart
50%
Splashtail
50%
Sunfish
50%
Willowkit
50%
Willownose
50%
Beechfur
25%
Berryheart
25%
Birchstar
25%
Brambleberry
25%
Dawnflower
25%
Finch song
25%
Graypool
25%
Graywing
25%
Hailstar
25%
Heronkit
25%
Heronwing
25%
Hollow
25%
Ivystar
25%
Jayclaw
25%
Lakeheart
25%
Lakeshine
25%
Mistpool
25%
Nightstar
25%
Otterheart
25%
Ottersplash
25%
Podlight
25%
Primrosepaw
25%
Rippleclaw
25%
Ripple shine
25%
Sneezecloud
25%
Splashheart
25%
Swallowtail
25%
Voleclaw
25%
Volestar
25%
Whiteclaw
25%
Applefrost
0%
Arc shadow
0%
Aspentail
0%
Beetlenose
0%
Beetlewhisker
0%
Birdsong
0%
Blackbee
0%
Brackenpelt
0%
Breezeheart
0%
Brightsky
0%
Brindleclaw
0%
Brook where small fish swim
0%
Cedarpelt
0%
CloudberryCotc
0%
CloudberryPc
0%
Copperpaw
0%
Croak
0%
Crowstar
0%
Cypresspaw
0%
Dappled pelt
0%
Dapplenose
0%
Dappletuft
0%
Dawnbright
0%
Dawn mist
0%
Dew
0%
Dovestar
0%
Drizzle
0%
Duckpaw
0%
Dusk smoke
0%
Duskwater
0%
Echomist
0%
Echosnout
0%
Eelkit
0%
EeltailCotc
0%
EeltailMv
0%
Emberdawn
0%
EmberstarAsc
0%
EmberstarCotc
0%
Fallowtail
0%
Fernleaf
0%
Floatshimmer
0%
Floatweed
0%
Fognose
0%
Foxclaw
0%
Foxnose
0%
Foxwhisker
0%
Gorseclaw
0%
Grasspelt
0%
Grasswhisker
0%
Graymist
0%
Graysky
0%
Greenflower
0%
Harelight
0%
Havenpelt
0%
Hayberry
0%
Heavystep
0%
Hollowflight
0%
Hollowspring
0%
Icewhisker
0%
Ivytail
0%
Kinktail
0%
Kite wing
0%
Lightningpaw
0%
Lightningpelt
0%
Lilyflower
0%
Lilystem
0%
Lizardtail
0%
Loudbelly
0%
Mallownose
0%
Mallowtail
0%
Marshcloud
0%
Meadowpelt
0%
MilkfurMv
0%
MilkfurYs
0%
Mintfur
0%
Molewhisker
0%
Morningkit
0%
Mossleaf
0%
Moss tail
0%
Mossyfoot
0%
Mudthorn
0%
Nettlepad
0%
Nettlepaw
0%
Nightsky
0%
Oatpaw
0%
Owlfur
0%
Pebblefoot
0%
Perchkit
0%
Perchpaw
0%
Perchwing
0%
Petaldust
0%
Petalfur
0%
PikepawBotc
0%
PikepawMo
0%
Piketooth
0%
Pinefur
0%
Pine needle
0%
Pouncetail
0%
Pricklekit
0%
Rainfall
0%
Rainstorm
0%
Rapidsplash
0%
Reedtail
0%
Rippletail
0%
Robinkit
0%
Robinwing
0%
Rushpaw
0%
Rushtail
0%
Rushtooth
0%
Sasha
0%
Sedgecreek
0%
ShadepeltAvos
0%
ShadepeltTpb
0%
Shattered ice
0%
ShimmerpeltBrs
0%
ShimmerpeltCrp
0%
Shineflower
0%
Shyheart
0%
SilverpawBotc
0%
SilverpawTpb
0%
Skyheart
0%
Sloefur
0%
Snaketooth
0%
Snow tail
0%
Softpelt
0%
Softwing
0%
Sparrowtail
0%
Spider paw
0%
Spiketail
0%
Splashfoot
0%
Splashkit
0%
Splashpaw
0%
Stonestream
0%
Sunspots
0%
Swankit
0%
Talonstar
0%
Tanglepaw
0%
Tanglewhisker
0%
Timberfur
0%
Troutclaw
0%
Trout fur
0%
Troutshine
0%
Troutstar
0%
Troutstream
0%
Tumblekit
0%
Turtlesnap
0%
Vixenleap
0%
Voletooth
0%
Wavepaw
0%
Whitefang
0%
Wildkit
0%
Willow stream
0%
Woodkit
0%
No matching quizzes found
Score Distribution
Percent of People with Each Score
Percentile by Number Answered
Your Score History
You have not taken this quiz since the last reset